Statistiques concernant Quel pays accueillit les jeux olympiques d'été

Cliquez ici pour prendre le quiz!

Statistiques générales

  • Ce quiz a été pris 102 fois
  • Le résultat moyen est 30 sur 34

Statistiques - réponses

annéepays% Correct
2028états unis
99%
1904états unis
99%
1996états unis
99%
1932états unis
99%
1984états unis
99%
2024france
99%
1900france
99%
1924france
99%
2016brésil
98%
1964japon
98%
2021japon
98%
2008chine
96%
1956australie
94%
2032australie
94%
2000australie
94%
1936allemagne
91%
1916allemagne
91%
1972allemagne
91%
1992espagne
91%
1896grèce
91%
2004grèce
91%
1906grèce
91%
1976canada
90%
1968mexique
90%
1960italie
87%
1988corée du sud
82%
1928pays bas
78%
1912suède
77%
1920belgique
74%
1948royaume uni
73%
1908royaume uni
73%
2012royaume uni
73%
1980union soviétique
66%
1952finlande
56%

Distribution des résultats

Percentile par nombre de réponses

% des personnes avec chaque résultat

Votre développement - résultats

Vous n’avez pas pris ce quiz